[Event "XXXII Festival A"]
[Site "Arco ITA"]
[Date "2010.10.22"]
[Round "7"]
[White "De Simone Sorrentino, Fabio"]
[Black "De Minico, Stefano"]
[Result "1-0"]
[WhiteElo "1711"]
[BlackElo "1921"]
[PlyCount "165"]
[EventDate "2010.10.16"]

1. e4 e5 2. Bc4 Nf6 3. d3 Bc5 4. Nf3 Nc6 5. h3 d6 6. a3 Be6 7. Bxe6 fxe6 8. Ng5
Qe7 9. Be3 Bxe3 10. fxe3 h6 11. Nf3 d5 12. exd5 exd5 13. O-O Qc5 14. d4 Qb6 15.
b4 O-O 16. Kh1 Rae8 17. Nc3 exd4 18. exd4 Re3 19. Na4 Qa6 20. Nc5 Qc4 21. Re1
Rfe8 22. Rxe3 Rxe3 23. Qd2 Re2 24. Qd3 Qxc2 25. Qxc2 Rxc2 26. Nxb7 Kf7 27. b5
Ne7 28. Ne5+ Ke6 29. Nd8+ Kd6 30. Ndf7+ Ke6 31. Nd8+ Kf5 32. Ndc6 Nxc6 33. Nxc6
Ke4 34. Re1+ Kf4 35. Nxa7 Ne4 36. Kh2 Kf5 37. Rf1+ Ke6 38. Nc6 Ra2 39. Rf3 g5
40. Nb4 Rd2 41. Rd3 Rxd3 42. Nxd3 Ke7 43. Nc5 Kd6 44. Nb7+ Ke7 45. a4 Nc3 46.
Nc5 Kf6 47. Na6 Nxa4 48. Nxc7 Nb6 49. g4 Kg6 50. Kg3 h5 51. Kf3 hxg4+ 52. hxg4
Kf6 53. Ke3 Ke7 54. Na6 Kd6 55. Nc5 Nc4+ 56. Kd3 Nb6 57. Nb7+ Kc7 58. Nc5 Kd6
59. Kc3 Nc4 60. Nd3 Na3 61. Kb4 Nc2+ 62. Ka5 Nxd4 63. b6 Nc6+ 64. Ka6 d4 65. b7
Kd5 66. Kb6 Nb8 67. Kc7 Na6+ 68. Kb6 Nb8 69. Nb4+ Ke4 70. Kc7 d3 71. Nxd3 Na6+
72. Kb6 Nb8 73. Nc5+ Kf4 74. Na6 Nd7+ 75. Kc7 Ne5 76. b8=Q Kxg4 77. Qb4+ Kg3
78. Qc3+ Nf3 79. Nc5 g4 80. Nd3 Kg2 81. Nf4+ Kg3 82. Qe3 Kh2 83. Qf2+ 1-0

[Event "XXXII Festival A"]
[Site "Arco ITA"]
[Date "2010.10.22"]
[Round "7"]
[White "Dieli, Riccardo"]
[Black "Ricci, Alfredo"]
[Result "0-1"]
[WhiteElo "1906"]
[BlackElo "1969"]
[PlyCount "70"]
[EventDate "2010.10.16"]

1. Nf3 d5 2. c4 Nf6 3. cxd5 Nxd5 4. g3 g6 5. Bg2 Bg7 6. O-O O-O 7. Nc3 c5 8. a3
Nc6 9. Re1 Nb6 10. b3 Be6 11. Bb2 Nd4 12. Nxd4 cxd4 13. Na2 Qd7 14. Nb4 Rac8
15. Nd3 Rc7 16. Rc1 Rfc8 17. Rxc7 Rxc7 18. Nf4 Bf5 19. Nd3 e5 20. Nb4 a5 21.
Nd3 Qb5 22. a4 Qd7 23. Qb1 e4 24. Nc1 e3 25. d3 exf2+ 26. Kxf2 Nd5 27. Na2 Ne3
28. Rc1 Nxg2 29. Rxc7 Qxc7 30. Kxg2 Be6 31. Qg1 Qc6+ 32. Kf2 Qc2 33. Qc1 Qxb3
34. Ba3 Qxa2 35. Qc5 h5 0-1

[Event "XXXII Festival A"]
[Site "Arco ITA"]
[Date "2010.10.22"]
[Round "7"]
[White "Diotallevi, Maurizio"]
[Black "Naegele, Raimund"]
[Result "1/2-1/2"]
[WhiteElo "2060"]
[BlackElo "1817"]
[PlyCount "62"]
[EventDate "2010.10.16"]

1. d4 Nf6 2. Bg5 d5 3. Bxf6 exf6 4. e3 Bf5 5. Nf3 h6 6. c4 c6 7. Nc3 Bb4 8. Qb3
Bxc3+ 9. bxc3 Qd7 10. Be2 O-O 11. O-O dxc4 12. Qxc4 b5 13. Qb3 Na6 14. c4 Nc7
15. Rfc1 a6 16. Qc3 Rfc8 17. Nd2 a5 18. a3 Qe7 19. Bf3 Bd7 20. cxb5 Nxb5 21.
Qc5 Qxc5 22. Rxc5 a4 23. Nc4 Ra6 24. Kf1 Nc7 25. Nd6 Rb8 26. Bd1 Ne6 27. Rcc1
c5 28. dxc5 Nxc5 29. Rxc5 Rxd6 30. Ke1 Rb2 31. Bc2 Rc6 1/2-1/2

[Event "XXXII Festival A"]
[Site "Arco ITA"]
[Date "2010.10.22"]
[Round "7"]
[White "Ferrari, Michele"]
[Black "Varzi, Florian"]
[Result "1-0"]
[WhiteElo "1808"]
[BlackElo "1570"]
[PlyCount "32"]
[EventDate "2010.10.16"]

1. d4 d5 2. e3 Bf5 3. c4 e6 4. Qb3 b6 5. Nc3 Nf6 6. Nf3 c5 7. cxd5 Nxd5 8. Bb5+
Ke7 9. Ne5 Qd6 10. O-O Nxc3 11. bxc3 f6 12. Nf3 a6 13. dxc5 bxc5 14. Ba4 Ra7
15. Nd4 Be4 16. Rd1 Qd5 1-0

[Event "XXXII Festival A"]
[Site "Arco ITA"]
[Date "2010.10.22"]
[Round "7"]
[White "Fodor, Tamas jr"]
[Black "Molina, Fabrizio"]
[Result "1-0"]
[WhiteElo "2451"]
[BlackElo "2222"]
[PlyCount "93"]
[EventDate "2010.10.16"]

1. Nf3 Nf6 2. c4 c5 3. g3 Nc6 4. Nc3 d5 5. cxd5 Nxd5 6. d4 cxd4 7. Nxd4 Ndb4 8.
Nxc6 Qxd1+ 9. Nxd1 Nxc6 10. Bg2 g6 11. Bxc6+ bxc6 12. b3 Bg7 13. Bb2 O-O 14.
Bxg7 Kxg7 15. Rc1 a5 16. Nb2 Rd8 17. f3 Ba6 18. Rc2 Bb5 19. a3 a4 20. b4 Rd4
21. Kf2 Rad8 22. Rhc1 Rd2 23. Ke3 R2d6 24. Kf2 Rd2 25. Ke1 R2d6 26. Rd1 g5 27.
Rc5 h6 28. Rc3 Kf6 29. Rdc1 Re6 30. R1c2 Rd4 31. Kf2 Kg7 32. Nd3 Red6 33. Ne5
Rd2 34. Nc4 Rxc2 35. Rxc2 Rd4 36. Ne3 e6 37. Ke1 Kf6 38. Rc5 Kg6 39. Nd1 Rc4
40. Nc3 Kf6 41. Nxb5 Rxc5 42. bxc5 cxb5 43. Kd2 Ke5 44. Kc3 Kd5 45. Kb4 Kc6 46.
g4 f6 47. e4 1-0

[Event "XXXII Festival A"]
[Site "Arco ITA"]
[Date "2010.10.22"]
[Round "7"]
[White "Giaracuni, Claudio"]
[Black "Aigner, Georg"]
[Result "1/2-1/2"]
[WhiteElo "1784"]
[BlackElo "1986"]
[PlyCount "103"]
[EventDate "2010.10.16"]

1. d4 Nf6 2. Nf3 d5 3. Bf4 c5 4. e3 e6 5. Be2 Bd6 6. Ne5 Qa5+ 7. Nd2 Ne4 8. c3
Bxe5 9. Bxe5 Nd7 10. Nxe4 dxe4 11. Qc2 Qb6 12. Bg3 Nf6 13. O-O Bd7 14. Be5 Bc6
15. Bxf6 gxf6 16. f3 f5 17. Qb3 Qxb3 18. axb3 cxd4 19. cxd4 Rg8 20. fxe4 Bxe4
21. Bf3 Bxf3 22. Rxf3 Ke7 23. Rh3 Rg7 24. Ra4 b5 25. Ra6 Kd7 26. d5 exd5 27.
Rh5 Rg6 28. Ra5 a6 29. Rxf5 Ke6 30. Rh5 h6 31. g3 f5 32. Kf2 Ke5 33. Ke2 Rc8
34. Kd3 Rc1 35. g4 Rcc6 36. Rxf5+ Ke6 37. h3 Rg5 38. Rf8 Ke7 39. Ra8 Rgg6 40.
Kd4 Rgd6 41. h4 Kf7 42. Ke5 Kg6 43. Ra7 Rb6 44. Ra8 Rbc6 45. Ra7 Rb6 46. Rc7
Rd8 47. Ra7 Rdd6 48. b4 Rbc6 49. Rb7 Re6+ 50. Kxd5 Red6+ 51. Ke5 Re6+ 52. Kd5
1/2-1/2

[Event "XXXII Festival A"]
[Site "Arco ITA"]
[Date "2010.10.22"]
[Round "7"]
[White "Helbig, Dieter"]
[Black "Virzi, Ettore"]
[Result "0-1"]
[WhiteElo "1872"]
[BlackElo "2002"]
[PlyCount "78"]
[EventDate "2010.10.16"]

1. c4 Nf6 2. Nc3 g6 3. g3 Bg7 4. Bg2 O-O 5. Nf3 d6 6. d4 Nc6 7. O-O a6 8. e4
Bg4 9. h3 Bxf3 10. Bxf3 e5 11. d5 Nd4 12. Bg2 c6 13. f4 Nd7 14. Be3 c5 15. Rb1
exf4 16. gxf4 Re8 17. Kh1 Nf5 18. Bf2 Nh4 19. Qg4 Nxg2 20. Qxg2 Nb6 21. e5 Nxc4
22. Ne4 dxe5 23. b3 Nd6 24. Nxc5 exf4 25. Rbd1 Rc8 26. Nd3 Ne4 27. Nxf4 Rc2 28.
Qf3 Nxf2+ 29. Rxf2 Rxf2 30. Qxf2 Be5 31. Ng2 Qd6 32. Qf3 Rc8 33. Ne3 Rc3 34.
Qe2 Qd7 35. Ng4 Rxh3+ 36. Kg2 Rg3+ 37. Kf2 Qf5+ 38. Ke1 Bc3+ 39. Rd2 Rg1+ 0-1

[Event "XXXII Festival A"]
[Site "Arco ITA"]
[Date "2010.10.22"]
[Round "7"]
[White "Herman, Matthew J."]
[Black "Siebrecht, Sebastian"]
[Result "0-1"]
[WhiteElo "2149"]
[BlackElo "2421"]
[PlyCount "102"]
[EventDate "2010.10.16"]

1. e4 c5 2. Nf3 e6 3. d4 cxd4 4. Nxd4 a6 5. Bd3 Nf6 6. O-O d6 7. Kh1 Qc7 8. f4
Nbd7 9. Qe2 Be7 10. c4 b6 11. Nc3 Bb7 12. Bd2 O-O 13. Rae1 Rad8 14. Rf3 Rfe8
15. Rh3 g6 16. Nf3 Bf8 17. Qf2 Bg7 18. Qh4 Nf8 19. Rf1 d5 20. cxd5 exd5 21. e5
Ne4 22. Be1 Nc5 23. Nd4 Bc8 24. Rhf3 Nxd3 25. Rxd3 Qc4 26. Qg3 Ne6 27. b3 Qc7
28. Nxe6 Bxe6 29. Bf2 b5 30. Rd2 Qa5 31. Bd4 Bf5 32. h3 b4 33. Na4 Rc8 34. Qe3
Bf8 35. Kh2 Rc6 36. Rfd1 Be4 37. Rf2 Qc7 38. Re2 Rc8 39. Nb6 Rb8 40. Na4 Qe7
41. Qg3 Qe6 42. Rdd2 Rbc8 43. Qg4 Bf5 44. Qf3 h5 45. Bf2 Be4 46. Rxe4 dxe4 47.
Qxe4 Qf5 48. Qxf5 gxf5 49. Nb6 Rc2 50. Rd5 R8c6 51. Nd7 Rxf2 0-1

[Event "XXXII Festival A"]
[Site "Arco ITA"]
[Date "2010.10.22"]
[Round "7"]
[White "Hilbenz, Guntram"]
[Black "Pegoraro, Nicola"]
[Result "1-0"]
[WhiteElo "1912"]
[BlackElo "1975"]
[PlyCount "71"]
[EventDate "2010.10.16"]

1. Nf3 f5 2. c4 Nf6 3. g3 b6 4. Bg2 Bb7 5. b3 e6 6. Bb2 Be7 7. d3 O-O 8. O-O
Qe8 9. Nc3 Qh5 10. e3 Qh6 11. Nd4 Ng4 12. h3 Bxg2 13. Kxg2 Ne5 14. f4 Nec6 15.
Nf3 Bf6 16. Qd2 Na6 17. d4 Ne7 18. a3 c6 19. a4 d6 20. Ba3 Rad8 21. Rad1 Qg6
22. b4 Nc7 23. b5 c5 24. dxc5 dxc5 25. Qxd8 Rxd8 26. Rxd8+ Kf7 27. Bb2 Qh5 28.
Nd1 Ne8 29. Bxf6 gxf6 30. Nc3 Qh6 31. Rfd1 Ng7 32. R1d7 Nh5 33. Ne2 e5 34. Rxa7
exf4 35. exf4 Qg7 36. Rdd7 1-0

[Event "XXXII Festival A"]
[Site "Arco ITA"]
[Date "2010.10.22"]
[Round "7"]
[White "Joerges, Frank"]
[Black "Zangrando, Gianpietro"]
[Result "1-0"]
[WhiteElo "1955"]
[BlackElo "1822"]
[PlyCount "71"]
[EventDate "2010.10.16"]

1. d4 e6 2. Nf3 f5 3. e3 Nf6 4. c4 d5 5. Bd3 c6 6. O-O Bd6 7. b3 Qe7 8. Bb2 O-O
9. Qc1 Bd7 10. Ba3 Bxa3 11. Qxa3 Qxa3 12. Nxa3 Ne4 13. Ne5 Be8 14. cxd5 exd5
15. Rac1 Nd7 16. f4 Ndf6 17. h3 h5 18. Bxe4 Nxe4 19. h4 Rc8 20. b4 Rf6 21. Nb1
b6 22. Nc3 Nd2 23. Nxd5 Re6 24. Rfd1 Ne4 25. Nc3 Nxc3 26. Rxc3 Bf7 27. Rdc1 Re7
28. Nxc6 Rxc6 29. Rxc6 Rxe3 30. Rc8+ Kh7 31. R8c7 Bd5 32. R1c3 Re4 33. Rg3 Rxf4
34. Rcxg7+ Kh8 35. R7g5 Rxh4 36. Rh3 1-0

[Event "XXXII Festival A"]
[Site "Arco ITA"]
[Date "2010.10.22"]
[Round "7"]
[White "Kaczur, Florian"]
[Black "Bondielli, Giorgio"]
[Result "1/2-1/2"]
[WhiteElo "2035"]
[BlackElo "1880"]
[PlyCount "109"]
[EventDate "2010.10.16"]

1. d4 f5 2. Nf3 Nf6 3. Bg5 g6 4. Bxf6 exf6 5. e3 d5 6. c4 Bb4+ 7. Nc3 O-O 8.
Qb3 Bxc3+ 9. bxc3 dxc4 10. Bxc4+ Kg7 11. O-O Nc6 12. Bd3 b6 13. Rab1 Bb7 14. c4
Na5 15. Qc3 Be4 16. Rbd1 Bxd3 17. Rxd3 Qe7 18. Rc1 Nb7 19. Nd2 c5 20. d5 Nd6
21. a4 Rab8 22. Rb1 Rb7 23. Qa3 Rfb8 24. Rdb3 Ne4 25. Qb2 Nd6 26. g3 Qd7 27.
Qa3 Qc7 28. Qa1 Qe7 29. h3 Qd7 30. Kh2 Qe7 31. Rg1 h5 32. h4 Nf7 33. Nf3 Kh7
34. Re1 Nd6 35. Nd2 Qf7 36. Rd3 Re8 37. Qc3 Rbe7 38. Ra1 Rc7 39. Kg1 Kg7 40.
Rb1 Rb7 41. Qb2 Qd7 42. Qa1 Qe7 43. Rc3 Reb8 44. Rc2 Qd7 45. Nf3 Kf7 46. Nd2
Qe7 47. Re1 Qd7 48. Kh2 Re8 49. Kg2 Qe7 50. f3 Qd8 51. Nf1 Rbe7 52. Kf2 Qc7 53.
Ree2 Qd7 54. Rc1 f4 55. e4 1/2-1/2

[Event "XXXII Festival A"]
[Site "Arco ITA"]
[Date "2010.10.22"]
[Round "7"]
[White "Kern, Beat"]
[Black "Buglisi, Massimo"]
[Result "1-0"]
[WhiteElo "1668"]
[BlackElo "1875"]
[PlyCount "48"]
[EventDate "2010.10.16"]

1. c4 Nf6 2. Nc3 g6 3. e4 Bg7 4. d4 d6 5. Nf3 O-O 6. Be2 e5 7. O-O Nc6 8. dxe5
Nxe5 9. Nxe5 dxe5 10. Qc2 c6 11. Bg5 h6 12. Be3 Qe7 13. Rad1 Ng4 14. Bxg4 Bxg4
15. f3 Be6 16. Na4 b6 17. b3 f5 18. c5 b5 19. Nb2 Rad8 20. Rd6 Qf7 21. Rfd1
fxe4 22. Rxd8 exf3 23. Rxf8+ Bxf8 24. gxf3 Qxf3 1-0

[Event "XXXII Festival A"]
[Site "Arco ITA"]
[Date "2010.10.22"]
[Round "7"]
[White "Klings, Peter"]
[Black "Wild, Katharina"]
[Result "1-0"]
[WhiteElo "2185"]
[BlackElo "1906"]
[PlyCount "143"]
[EventDate "2010.10.16"]

1. e4 c6 2. d3 d5 3. Nd2 d4 4. Ngf3 Bg4 5. Be2 Bxf3 6. Nxf3 e5 7. O-O Nd7 8. c3
c5 9. Bd2 Bd6 10. a3 Ngf6 11. b4 b6 12. Qb3 O-O 13. Rfc1 Qe7 14. g3 dxc3 15.
Bxc3 Rac8 16. Qa4 Rc7 17. Nd2 Rb8 18. b5 Rcc8 19. Nc4 a5 20. Qd1 Bc7 21. Bf1
Rd8 22. Ne3 Nf8 23. Qf3 Ne6 24. a4 Nd4 25. Bxd4 Rxd4 26. Nf5 Qd7 27. Nxd4 Qxd4
28. Ra2 Rd8 29. Rc4 Qd6 30. Rd2 Qe6 31. Rb2 g6 32. Be2 Kg7 33. Bd1 Qd7 34. Rd2
Qh3 35. Rc3 Qh6 36. Re2 Qh3 37. Bb3 Qd7 38. Bc4 Qd4 39. Rc1 Rd7 40. Kg2 Qd6 41.
h3 Qe7 42. Qe3 Nh5 43. Rf1 Qd6 44. Ree1 h6 45. Re2 Qf6 46. Qf3 Qd6 47. Qe3 Qf6
48. Qc1 Qd6 49. Re3 Qf8 50. Rf3 Bd8 51. Bb3 Bf6 52. Bd5 Bg5 53. Qc3 Qb8 54. Bc4
Qd6 55. h4 Bd8 56. Rh1 Nf6 57. Qb3 Qf8 58. h5 g5 59. Rf5 Bc7 60. Qc3 Qe8 61.
Kf3 Bb8 62. Ke2 Rd4 63. Kf1 Qd7 64. Kg2 Qb7 65. Qc2 Rd7 66. Qe2 Rd4 67. Qf3 Qe7
68. Re1 Rd6 69. Re3 Qe8 70. Qe2 Qe7 71. Ref3 Qe8 72. Qb2 1-0

[Event "XXXII Festival A"]
[Site "Arco ITA"]
[Date "2010.10.22"]
[Round "7"]
[White "Korenevski, Oleg"]
[Black "Giancotti, Eraldo"]
[Result "1-0"]
[WhiteElo "1930"]
[BlackElo "2062"]
[PlyCount "49"]
[EventDate "2010.10.16"]

1. d4 d5 2. Nf3 Nc6 3. Nc3 Bg4 4. Bf4 Bxf3 5. gxf3 a6 6. Qd2 g6 7. h4 Bg7 8. e3
h5 9. Na4 e5 10. dxe5 Nxe5 11. O-O-O Ne7 12. Bxe5 Bxe5 13. e4 Qd6 14. Kb1 O-O-O
15. Qa5 Qc6 16. Bh3+ Kb8 17. Rd3 b5 18. Rb3 Rd6 19. f4 Bd4 20. e5 Rdd8 21. Qb4
Qc4 22. Qxe7 Qxa4 23. Rb4 Rhe8 24. Rxa4 Rxe7 25. Rxd4 1-0

[Event "XXXII Festival A"]
[Site "Arco ITA"]
[Date "2010.10.22"]
[Round "7"]
[White "Leutwyler, Martin"]
[Black "Astengo, Marcello"]
[Result "1-0"]
[WhiteElo "2169"]
[BlackElo "2064"]
[PlyCount "69"]
[EventDate "2010.10.16"]

1. d4 d5 2. Nf3 c5 3. c4 e6 4. cxd5 exd5 5. g3 Nf6 6. Bg2 Nc6 7. O-O Be7 8. Nc3
O-O 9. dxc5 Bxc5 10. Bg5 d4 11. Ne4 Be7 12. Bxf6 Bxf6 13. b4 a6 14. a4 Nxb4 15.
Nxf6+ Qxf6 16. Qxd4 Qe7 17. Qb2 Bf5 18. Nd4 Bg6 19. Rfc1 Rac8 20. a5 Rxc1+ 21.
Rxc1 Rd8 22. Rc4 Nc6 23. Bxc6 bxc6 24. Nxc6 Rd1+ 25. Kg2 Be4+ 26. f3 Bxc6 27.
Rxc6 Rd8 28. Rxa6 h6 29. Rb6 Kh7 30. a6 Qe3 31. Qc2+ g6 32. Rb7 h5 33. Rxf7+
Kh6 34. Qb2 Rd6 35. Qg7+ 1-0

[Event "XXXII Festival A"]
[Site "Arco ITA"]
[Date "2010.10.22"]
[Round "7"]
[White "Lezzerini, Marco"]
[Black "Cottarelli, Franco"]
[Result "1/2-1/2"]
[WhiteElo "1674"]
[BlackElo "1889"]
[PlyCount "33"]
[EventDate "2010.10.16"]

1. d4 f5 2. g3 Nf6 3. Bg2 g6 4. c4 Bg7 5. Nc3 O-O 6. Nf3 d6 7. O-O Qe8 8. d5 a5
9. Nd4 Na6 10. Rb1 Rb8 11. a3 Kh8 12. b4 axb4 13. axb4 e5 14. dxe6 Bxe6 15.
Nxe6 Qxe6 16. Nd5 c6 17. Nxf6 1/2-1/2

[Event "XXXII Festival A"]
[Site "Arco ITA"]
[Date "2010.10.22"]
[Round "7"]
[White "Luciani, Carlo"]
[Black "Ager, Josef"]
[Result "1/2-1/2"]
[WhiteElo "2230"]
[BlackElo "2194"]
[PlyCount "75"]
[EventDate "2010.10.16"]

1. e4 e5 2. Nf3 Nc6 3. Bc4 Bc5 4. c3 Nf6 5. d3 d6 6. O-O O-O 7. Bb3 Bb6 8. Nbd2
Ne7 9. Nc4 Bg4 10. h3 Bh5 11. Bg5 Nd7 12. g4 Bg6 13. a4 a6 14. a5 Ba7 15. Ne3
Kh8 16. Nf5 f6 17. Be3 Nc5 18. Ba2 Qd7 19. N3h4 Be8 20. Kh2 Ng6 21. Ng2 Ne6 22.
h4 Ngf4 23. Nxf4 Nxf4 24. Bxf4 exf4 25. Qf3 g6 26. Nh6 g5 27. Kg2 Bg6 28. Rh1
c6 29. h5 Be8 30. Rhe1 Qc7 31. Bb1 Bd7 32. d4 c5 33. d5 Rae8 34. c4 Re5 35. Qc3
Bc8 36. Bc2 Kg7 37. Nf5+ Bxf5 38. exf5 1/2-1/2

[Event "XXXII Festival A"]
[Site "Arco ITA"]
[Date "2010.10.22"]
[Round "7"]
[White "Marshall, Michael"]
[Black "De Andres Gonalons, Fernando"]
[Result "0-1"]
[WhiteElo "1878"]
[BlackElo "2041"]
[PlyCount "72"]
[EventDate "2010.10.16"]

1. d4 d5 2. Nf3 c5 3. e3 e6 4. b3 Nf6 5. Bd3 Nc6 6. O-O Be7 7. Bb2 cxd4 8. exd4
O-O 9. Nbd2 a5 10. a3 b6 11. Ne5 Nxe5 12. dxe5 Nd7 13. Qe2 Nc5 14. Bb5 Bd7 15.
Nf3 Rc8 16. Bxd7 Qxd7 17. Rfd1 Qc7 18. Rac1 Rfd8 19. h3 Qb7 20. Nd4 Ne4 21. c4
dxc4 22. Rxc4 Rxc4 23. Qxc4 b5 24. Qe2 Bc5 25. Kh2 Qd5 26. f3 Qxe5+ 27. Kg1
Rxd4 28. Bxd4 Bxd4+ 29. Rxd4 Qxd4+ 30. Kh2 Qe5+ 31. Kg1 Qc5+ 32. Kh2 Nc3 33.
Qd2 h5 34. Qd8+ Kh7 35. Qxa5 Ne2 36. Qd2 Qg1# 0-1

[Event "XXXII Festival A"]
[Site "Arco ITA"]
[Date "2010.10.22"]
[Round "7"]
[White "Mircoli, Filippo"]
[Black "De Polzer, Manfredi"]
[Result "1/2-1/2"]
[WhiteElo "1699"]
[BlackElo "1809"]
[PlyCount "74"]
[EventDate "2010.10.16"]

1. e4 e6 2. d4 d5 3. Nc3 dxe4 4. Nxe4 Be7 5. Nf3 Nf6 6. Bd3 Nbd7 7. O-O Nxe4 8.
Bxe4 c6 9. Be3 O-O 10. c4 Qc7 11. Rc1 Nf6 12. Bb1 Rd8 13. Qc2 Qd7 14. Bg5 g6
15. Ne5 Qe8 16. Be3 Rd6 17. a3 b6 18. b4 Bb7 19. Rcd1 Nd7 20. c5 bxc5 21. bxc5
Rd5 22. Ba2 Rxe5 23. dxe5 Nxe5 24. Rfe1 Ng4 25. h3 Nf6 26. Bg5 Nd7 27. Bxe7
Qxe7 28. Rd6 Nb6 29. Red1 Nd5 30. Bb3 Rc8 31. Qe4 Nc3 32. Qc2 Nxd1 33. Qxd1 Rc7
34. Rd8+ Kg7 35. Rd6 h6 36. f4 Bc8 37. Qd4+ Qf6 1/2-1/2

[Event "XXXII Festival A"]
[Site "Arco ITA"]
[Date "2010.10.22"]
[Round "7"]
[White "Molnar, Bela"]
[Black "Rotoni, Matteo"]
[Result "1-0"]
[WhiteElo "2330"]
[BlackElo "2132"]
[PlyCount "183"]
[EventDate "2010.10.16"]

1. c4 e5 2. g3 Nc6 3. Bg2 g6 4. Nc3 Bg7 5. e3 d6 6. Nge2 h5 7. h3 Nh6 8. b3 f5
9. d4 O-O 10. d5 Ne7 11. f4 e4 12. Bb2 Bd7 13. Qd2 a6 14. a4 b5 15. axb5 axb5
16. Nd4 Rxa1+ 17. Bxa1 bxc4 18. bxc4 Qc8 19. O-O Nf7 20. Rc1 g5 21. fxg5 Nxg5
22. h4 Nh7 23. Nce2 Ng6 24. Nc6 Qe8 25. Bxg7 Kxg7 26. c5 Nf6 27. cxd6 cxd6 28.
Qb4 Nxd5 29. Qd4+ Nf6 30. Qxd6 Qe6 31. Qxe6 Bxe6 32. Ncd4 Bd7 33. Bh3 Nd5 34.
Kf2 Nge7 35. Nf4 Nxf4 36. gxf4 Kf6 37. Ne2 Be6 38. Ng3 Rh8 39. Rc5 Rh7 40. Re5
Bc8 41. Ra5 Rh8 42. Rb5 Kg6 43. Rb6+ Kg7 44. Rd6 Kf7 45. Ke1 Kg7 46. Kd2 Rh6
47. Rd8 Rh8 48. Rxh8 Kxh8 49. Nxh5 Ng6 50. Ng3 Nxh4 51. Nxe4 Nf3+ 52. Kc3 Ng1
53. Ng5 Nxh3 54. Nxh3 Kg7 55. Kd4 Kf6 56. Kd5 Ba6 57. Kd6 Bd3 58. Ng5 Bc2 59.
Ne6 Bb1 60. Nc7 Bc2 61. Nd5+ Kg6 62. Ke5 Kh5 63. Ne7 Kg4 64. Nc6 Be4 65. Nd4
Bb1 66. Nb3 Bc2 67. Nd2 Bd3 68. Kd4 Bc2 69. Kc3 Ba4 70. Kd3 Kh5 71. Nf3 Kg6 72.
Nd4 Kf6 73. Kc4 Bd1 74. Kd5 Ba4 75. Kd6 Bd1 76. Nb5 Bc2 77. Nd4 Bb1 78. Nb5 Bd3
79. Nc7 Bc2 80. Ne8+ Kf7 81. Nc7 Kf6 82. Nd5+ Kg6 83. Ke5 Kh5 84. Nf6+ Kg6 85.
Ne8 Kf7 86. Nd6+ Kg6 87. Ke6 Bb3+ 88. Ke7 Bc2 89. Nc4 Bb3 90. Ne5+ Kg7 91. Nf3
Bc2 92. Nh4 1-0

[Event "XXXII Festival A"]
[Site "Arco ITA"]
[Date "2010.10.22"]
[Round "7"]
[White "Mombelli, Antonio"]
[Black "Del Nevo, Claudio"]
[Result "1/2-1/2"]
[WhiteElo "1828"]
[BlackElo "1859"]
[PlyCount "45"]
[EventDate "2010.10.16"]

1. e4 d6 2. d4 Nf6 3. Nc3 g6 4. Be3 c6 5. Nf3 Bg7 6. Bd3 O-O 7. O-O b5 8. a3
Bb7 9. Qd2 Nbd7 10. Bh6 a6 11. Bxg7 Kxg7 12. b4 Rc8 13. Rfe1 e5 14. dxe5 Nxe5
15. Nxe5 dxe5 16. Qe3 Qe7 17. Ne2 c5 18. c3 c4 19. Bc2 Qe6 20. f3 Nh5 21. g4
Nf6 22. Ng3 Rfd8 23. Rad1 1/2-1/2

[Event "XXXII Festival A"]
[Site "Arco ITA"]
[Date "2010.10.22"]
[Round "7"]
[White "Moncelli, Giorgio"]
[Black "Wild, Helmut"]
[Result "1-0"]
[WhiteElo "2089"]
[BlackElo "1955"]
[PlyCount "37"]
[EventDate "2010.10.16"]

1. Nf3 c5 2. g3 Nc6 3. c4 Nf6 4. Bg2 d5 5. cxd5 Nxd5 6. Nc3 Nb6 7. O-O e5 8. d3
Be7 9. Be3 Nd5 10. Nxd5 Qxd5 11. Nd4 Qd7 12. Nxc6 bxc6 13. Rc1 O-O 14. Bxc5
Bxc5 15. Rxc5 Qd4 16. Qc2 Rb8 17. b3 Rb6 18. Rc1 Bd7 19. Bxc6 1-0

[Event "XXXII Festival A"]
[Site "Arco ITA"]
[Date "2010.10.22"]
[Round "7"]
[White "Moratto, Davide"]
[Black "Maddaloni, Giovanni"]
[Result "0-1"]
[WhiteElo "1854"]
[BlackElo "1801"]
[PlyCount "90"]
[EventDate "2010.10.16"]

1. e4 c5 2. Nf3 d6 3. d4 cxd4 4. Nxd4 Nf6 5. Bb5+ Bd7 6. Nc3 Nc6 7. O-O g6 8.
Re1 Bg7 9. Nf3 a6 10. Bxc6 Bxc6 11. Nd5 O-O 12. c3 e6 13. Nxf6+ Bxf6 14. Bh6
Bg7 15. Bxg7 Kxg7 16. Nd4 e5 17. Nxc6 bxc6 18. Qd2 Qc7 19. c4 Rad8 20. Rac1 Rd7
21. Re3 Rfd8 22. Rh3 h5 23. g4 Qc8 24. gxh5 Re7 25. Rcc3 Re6 26. Rcg3 Rh8 27.
h6+ Kh7 28. Rf3 Rf8 29. Rhg3 Qd8 30. Rg4 Rf6 31. Rfg3 Qb6 32. h4 Rd8 33. h5 Rg8
34. b3 Rf8 35. Rg2 Rg8 36. Kh2 Qd8 37. f4 exf4 38. Rxf4 Qe7 39. Rg5 Re6 40.
hxg6+ fxg6 41. Rg3 Rf6 42. Rgf3 Qe5 43. Kg2 Qg5+ 44. Kf1 Rgf8 45. Qf2 Rxf4 0-1

[Event "XXXII Festival A"]
[Site "Arco ITA"]
[Date "2010.10.22"]
[Round "7"]
[White "Morselli, Stefano"]
[Black "Kierzek, Mira"]
[Result "0-1"]
[WhiteElo "1924"]
[BlackElo "2053"]
[PlyCount "74"]
[EventDate "2010.10.16"]

1. Nf3 Nf6 2. g3 g6 3. Bg2 c5 4. d3 Bg7 5. e4 d6 6. O-O Nc6 7. Nbd2 O-O 8. Re1
Qc7 9. a4 e5 10. c3 b6 11. Nc4 Bd7 12. Ne3 Rac8 13. Nc2 Rfe8 14. Nh4 h6 15. Be3
Kh7 16. f4 exf4 17. gxf4 Ng4 18. Rc1 Qd8 19. Nf3 Na5 20. h3 Nf6 21. Na3 Be6 22.
b4 Nc6 23. b5 Ne7 24. e5 Ned5 25. exf6 Qxf6 26. Qd2 Nxc3 27. d4 Ne4 28. Qd1 Ng3
29. d5 Bf5 30. Nd2 Qh4 31. Qf3 Ne4 32. Bf2 Nxf2 33. Re3 Rxe3 34. Qxe3 Bd4 35.
Qf3 Nd3+ 36. Kf1 Nxc1 37. Ne4 Bxe4 0-1

[Event "XXXII Festival A"]
[Site "Arco ITA"]
[Date "2010.10.22"]
[Round "7"]
[White "Niccoli, Paolo"]
[Black "Gardini, Enrico"]
[Result "0-1"]
[WhiteElo "1962"]
[BlackElo "1815"]
[PlyCount "50"]
[EventDate "2010.10.16"]

1. e4 e5 2. Nf3 d6 3. d4 exd4 4. Nxd4 Bd7 5. Nc3 Nf6 6. Bc4 Be7 7. O-O O-O 8.
f4 Nc6 9. h3 Nxd4 10. Qxd4 Be6 11. Be3 Qe8 12. Rae1 a6 13. e5 dxe5 14. fxe5 Rd8
15. Qf4 Nd5 16. Nxd5 Bxd5 17. Bd3 Qc6 18. Kh2 Be6 19. Qg3 Kh8 20. Rf4 Qe8 21.
Ref1 Rd7 22. Qf3 Bg5 23. Qh5 f5 24. exf6 Qxh5 25. fxg7+ Kxg7 0-1

[Event "XXXII Festival A"]
[Site "Arco ITA"]
[Date "2010.10.22"]
[Round "7"]
[White "Nicolodi, Raoul"]
[Black "Karl, Hans"]
[Result "1-0"]
[WhiteElo "1939"]
[BlackElo "2211"]
[PlyCount "109"]
[EventDate "2010.10.16"]

1. c4 e5 2. Nc3 d6 3. d3 c6 4. g3 Be7 5. Bg2 Nf6 6. Nf3 O-O 7. O-O h6 8. Rb1
Be6 9. b4 Nbd7 10. Bd2 d5 11. cxd5 cxd5 12. e3 Bd6 13. Qe2 Rc8 14. Rfc1 Qe7 15.
a3 a6 16. Na4 b5 17. Nb2 e4 18. Nd4 Ne5 19. f4 exd3 20. Nxd3 Bg4 21. fxe5 Bxe2
22. exd6 Qxd6 23. Nxe2 Ne4 24. Be1 Rc4 25. Nd4 Rfc8 26. Bxe4 dxe4 27. Nc5 Rxd4
28. exd4 Qxd4+ 29. Kg2 Qe3 30. Bf2 Qf3+ 31. Kg1 e3 32. Be1 Rc6 33. Nd3 Rf6 34.
Bc3 Rf5 35. Rf1 Qe4 36. Nc5 Rxf1+ 37. Rxf1 Qc2 38. Bd4 e2 39. Re1 Qd2 40. Bf2
a5 41. Nb3 Qb2 42. bxa5 Qxa3 43. Rxe2 Qxb3 44. a6 Qa4 45. a7 Kh7 46. Re8 Qd1+
47. Re1 Qa4 48. Rb1 Qc2 49. Ra1 b4 50. a8=Q b3 51. Qa4 f5 52. Bd4 Kg6 53. Qd7
b2 54. Qxg7+ Kh5 55. Bxb2 1-0

[Event "XXXII Festival A"]
[Site "Arco ITA"]
[Date "2010.10.22"]
[Round "7"]
[White "Panarello, Giuseppe"]
[Black "Kierzek, Matthias"]
[Result "0-1"]
[WhiteElo "1925"]
[BlackElo "2145"]
[PlyCount "104"]
[EventDate "2010.10.16"]

1. d4 d5 2. Nf3 Nf6 3. Bf4 c5 4. e3 Nc6 5. c3 Qb6 6. Qb3 c4 7. Qc2 Bf5 8. Qc1
e6 9. h3 h6 10. Nbd2 Rc8 11. Be2 Be7 12. O-O O-O 13. Bd1 Bd3 14. Re1 Ne4 15.
Bc2 Bxc2 16. Qxc2 f5 17. Ne5 Nxe5 18. Bxe5 Bd6 19. Nf3 Bxe5 20. Nxe5 Qc7 21. f3
Nd6 22. Qf2 b5 23. a3 a5 24. Qd2 Rb8 25. Qc2 Rb7 26. Reb1 Rfb8 27. Rc1 b4 28.
axb4 axb4 29. Qa4 bxc3 30. bxc3 Nb5 31. Qa6 Rb6 32. Qa5 Kh7 33. Rc2 R8b7 34.
Qa8 Qe7 35. Ra5 Nc7 36. Qh8+ Kxh8 37. Ng6+ Kh7 38. Nxe7 Nb5 39. Nc8 Rc6 40. Ra8
Rbc7 41. Ra5 Nxd4 42. exd4 Rxc8 43. Rb2 Kg6 44. g3 Kf6 45. h4 f4 46. g4 R8c7
47. Kf2 Rd7 48. Rbb5 Rdd6 49. Ra8 Rb6 50. Rf8+ Ke7 51. Rxb6 Rxb6 52. Rxf4 g5
0-1